Sacrosanctum Concilium / (Record n. 17038)

Dettagli MARC
000 -LEADER
fixed length control field 01397nam a2200313 i 4500
003 - CONTROL NUMBER IDENTIFIER
control field IT-RoINE
005 - DATE AND TIME OF LATEST TRANSACTION
control field 20191217042107.0
008 - FIXED-LENGTH DATA ELEMENTS--GENERAL INFORMATION
fixed length control field 050606s2004 gw r |01 | ger u
020 ## - INTERNATIONAL STANDARD BOOK NUMBER
International Standard Book Number 3451285312
245 00 - TITLE STATEMENT
Title Sacrosanctum Concilium /
Statement of responsibility, etc kommentiert von Reiner Kaczynski. Inter Mirifica / kommentiert von Hans-Joachim Santer. Lumen Gentium / kommentiert von Peter Hünermann.
260 ## - PUBLICATION, DISTRIBUTION, ETC. (IMPRINT)
Place of publication, distribution, etc Freiburg im Breisgau :
-- Basel :
-- Wien :
Name of publisher, distributor, etc Herder,
Date of publication, distribution, etc 2004.
300 ## - PHYSICAL DESCRIPTION
Extent XI, 611 p. ;
Dimensions 25 cm.
336 ## - CONTENT TYPE
Source rdacontent
Content type term text
337 ## - MEDIA TYPE
Source rdamedia
Media type term unmediated
338 ## - CARRIER TYPE
Source rdacarrier
Carrier type term volume
490 1# - SERIES STATEMENT
Series statement Herders theologischer Kommentar zum Zweiten Vatikanischen Konzil ;
Volume number/sequential designation 2
500 ## - GENERAL NOTE
General note Incluye índices.
504 ## - BIBLIOGRAPHY, ETC. NOTE
Bibliography, etc Incluye referencias bibliográficas en notas, al final de cada capítulo.
611 24 - SUBJECT ADDED ENTRY--MEETING NAME
9 (RLIN) 13460
Meeting name or jurisdiction name as entry element Concilio Vaticano
Number of part/section/meeting (2º.
Date of meeting 1962-1965).
Title of a work Sacrosanctum Concilium
General subdivision Comentarios
611 24 - SUBJECT ADDED ENTRY--MEETING NAME
Meeting name or jurisdiction name as entry element Concilio Vaticano
Number of part/section/meeting (2º.
Date of meeting 1962-1965).
Title of a work Inter Mirifica
General subdivision Comentarios
9 (RLIN) 34030
611 24 - SUBJECT ADDED ENTRY--MEETING NAME
9 (RLIN) 13571
Meeting name or jurisdiction name as entry element Concilio Vaticano
Number of part/section/meeting (2º.
Date of meeting 1962-1965).
Title of a work Lumen Gentium
General subdivision Comentarios
700 1# - ADDED ENTRY--PERSONAL NAME
Personal name Kaczynski, Reiner,
Dates associated with a name 1939-2015
9 (RLIN) 34031
700 1# - ADDED ENTRY--PERSONAL NAME
Personal name Sander, Hans-Joachim,
Dates associated with a name 1952-
9 (RLIN) 34032
740 02 - ADDED ENTRY--UNCONTROLLED RELATED/ANALYTICAL TITLE
Uncontrolled related/analytical title Inter Mirifica
740 02 - ADDED ENTRY--UNCONTROLLED RELATED/ANALYTICAL TITLE
Uncontrolled related/analytical title Lumen Gentium
700 1# - ADDED ENTRY--PERSONAL NAME
9 (RLIN) 34006
Personal name Hünermann, Peter,
Dates associated with a name 1929-
830 #0 - SERIES ADDED ENTRY--UNIFORM TITLE
Uniform title Herders theologischer Kommentar zum Zweiten Vatikanischen Konzil ;
Volume number/sequential designation 2
9 (RLIN) 34007
942 ## - ADDED ENTRY ELEMENTS (KOHA)
Item type Monografías
Dati di copia
Withdrawn status Lost status Damaged status Not for loan Home library Current library Date acquired Total Checkouts Full call number Barcode Date last seen Price effective from Koha item type
        Iglesia Nacional Española en Roma Iglesia Nacional Española en Roma 26/04/2017   CON 1.2 40097 26/04/2017 26/04/2017 Monografías